000 00745nam a2200265Ia 4500
003 OSt
005 20221006151214.0
006 a|||||r|||| 00| 0
007 ta
008 221006b |||||||| |||| 00| 0 jpn d
020 _c¥1000
024 _a21,294
037 _bGift, Japan Foundation
_cTextual
040 _aEASL
_cEASL
_bjpn
041 _2jpn
_ajpn
082 _aY31.42.N8, M4
100 _aBURAKU MONDAI KENKYUJO Ed.
_9657262
245 0 _aBuraku no rekishi nihon hen
260 _aTokyo
_bBuraku Mondai Henkyujo Japan
_c1984
300 _a325p.
_ccm.
490 _v JL
650 _aJL
942 _hY31.42.N8, M4
_cTEXL
_2CC
999 _c1089380
_d1089380